000 01249nam0a22002771 4500
001 rc\692326
005 20031121170247.6
035 _a(NLR Aleph) 005928875
090 _a6556705
_c6556705
100 _a20031121d1985 u |0rusy50 ca
101 0 _arus
102 _aRU
105 _aa |||||||||
200 1 _aРаспространение частично-когерентного излучения в продольно-неоднородных квадратичных средах с поглощением или усилением
_fС.Г. Кривошлыков, Н.И. Петров, И.Н. Сисакян
210 _aМ.
_cБ. и.
_d1985
215 _a[2], 22 с.
_cграф.
_d21
225 1 _aПрепринт
_fАН СССР, Ин-т общ. физики. Лаб. обраб. сигналов
_v№ 304
_iФизическая электроника, в том числе квантовая
320 _aБиблиогр.: с. 21
700 1 _aКривошлыков
_bС. Г.
_gСергей Гелиевич
701 1 _aСисакян
_bИ. Н.
_gИосиф Норайрович
701 1 _aПетров
_bН. И.
801 0 _aRU
_bNLR
_gpsbo
801 1 _aRU
_bELAR
_2rusmarc
852 _aNLR
_j87-4/7119
942 _cBOOK
980 _aNB